Just After Sunset (Record no. 3380)

MARC details
000 -LEADER
fixed length control field 00389nam a22001457a 4500
008 - FIXED-LENGTH DATA ELEMENTS--GENERAL INFORMATION
fixed length control field 250512b |||||||| |||| 00| 0 eng d
020 ## - INTERNATIONAL STANDARD BOOK NUMBER
ISBN 9781444723175
100 ## - MAIN ENTRY--AUTHOR
Author King Stephen
245 ## - TITLE STATEMENT
Title Just After Sunset
260 ## - PUBLICATION, DISTRIBUTION, ETC. (IMPRINT)
Place of publication Britain
Name of publisher Hodder And Stoughton Publication
Date of publication 2018
300 ## - COLLATION
Pagination 526P.
650 ## - TRACINGS
Main Subject Fiction Literary
Subdivision (1st) Fiction Slot Stories
942 ## - ADDED ENTRY ELEMENTS (KOHA)
Item type Books
050 ## - LIBRARY OF CONGRESS CALL NUMBER
Classification number PS3561
Item number .I483
Holdings
Source of classification or shelving scheme Not for loan Permanent location Current location Date acquired Accession No. Full call number Barcode. Koha item type
Library of Congress Classification   Samuel Ogbemudia Main Library, University of Abuja Samuel Ogbemudia Main Library, University of Abuja 05/12/2025 2024/63597 PS3561.I483.K56 2025-1850 Books